Preservativo contra la irreligion o Los planes de la filosofía contra la religion y el Estado realizados por la Francia para subyugar la Europa, seguidos por Napoleon en la conquista de España ... / (Record no. 162894)
[ view plain ]
| 000 -LEADER | |
|---|---|
| campo de control de longitud fija | 01575nam a22002415i 4500 |
| 001 - NÚMERO DE CONTROL | |
| campo de control | 162894 |
| 003 - IDENTIFICADOR DE NÚMERO DE CONTROL | |
| campo de control | ES-MaACL |
| 005 - FECHA Y HORA DE LA ÚLTIMA TRANSACCIÓN | |
| campo de control | 20251114063123.0 |
| 008 - DATOS DE LONGITUD FIJA--INFORMACIÓN GENERAL | |
| campo de control de longitud fija | 970919s1813 sp |||| | spa d |
| 040 ## - FUENTE DE CATALOGACIÓN | |
| Centro catalogador/agencia de origen | AR |
| Lengua de catalogación | spa |
| Centro/agencia transcriptor | AR |
| 100 0# - ENTRADA PRINCIPAL--NOMBRE DE PERSONA | |
| Nombre de persona | Rafael de Vélez, |
| Títulos y otros términos asociados al nombre | (O.F.M. Cap.), |
| Fechas asociadas al nombre | 1777-1850 |
| 9 (RLIN) | 131563 |
| 245 10 - MENCIÓN DEL TÍTULO | |
| Título | Preservativo contra la irreligion o Los planes de la filosofía contra la religion y el Estado realizados por la Francia para subyugar la Europa, seguidos por Napoleon en la conquista de España ... / |
| Mención de responsabilidad, etc. | por Fray Rafael de Velez. Observaciones importantes sobre el Espíritu público de la Gazeta de Madrid / por Matías Vinuesa Lopez de Alfaro. |
| 250 ## - MENCION DE EDICION | |
| Mención de edición | 4ª ed. aum.con varias observaciones importantes sobre el Espíritu público de la Gazeta de Madrid por Matías Vinuesa López de Alfaro". |
| 260 ## - PUBLICACIÓN, DISTRIBUCIÓN, ETC. | |
| Lugar de publicación, distribución, etc. | Madrid : |
| Nombre del editor, distribuidor, etc. | [s.n.], |
| Fecha de publicación, distribución, etc. | 1813 ( |
| Fabricante | Imp. de Leonardo Nuñez de Vargas) |
| 300 ## - DESCRIPCIÓN FÍSICA | |
| Extensión | XVII, 214 , 142, [6] p. ; |
| Dimensiones | 21 cm. |
| 505 8# - NOTA DE CONTENIDO CON FORMATO | |
| Nota de contenido con formato | Adicion á esta obra sobre el preservativo contra el espíritu público de la Gazeta de Madrid |
| 595 #1 - | |
| -- | 2ª ed. de la segunda obra, según consta en su portadilla. |
| 700 21 - ENTRADA AGREGADA--NOMBRE PERSONAL | |
| Nombre de persona | Vinuesa Lopez de Alfaro, Matias. |
| Título de la obra | Observaciones importantes sobre el espíritu público de la Gazeta de Madrid. |
| 9 (RLIN) | 133786 |
| 700 21 - ENTRADA AGREGADA--NOMBRE PERSONAL | |
| Nombre de persona | Nuñez de Vargas, Leonardo, |
| Término indicativo de función/relación | |
| 9 (RLIN) | 130558 |
| 740 41 - ENTRADA AGREGADA--TÍTULO RELACIONADO/ANALÍTICO NO CONTROLADO | |
| Título relacionado o analítico no controlado | Los planes de la filosofía contra la religión y el Estado realizados por la Francia para subyugar la Europa, seguidos por Napoleon en la conquista de España. |
| 852 ## - LOCALIZACIÓN | |
| Ubicación | ES-MaACL |
| Número de control de estantería | F-7053 |
| Nota libre | -- Enc. hol. |
| Estatus retirado | Estado de pérdida | Estado de daño | No para préstamo | Colección | Biblioteca de origen | Biblioteca actual | Ubicación en estantería | Fecha de adquisición | Fuente de adquisición | Total de préstamos | Signatura topográfica completa | Código de barras | Visto por última vez | Precio de reemplazo | Tipo de ítem Koha |
|---|---|---|---|---|---|---|---|---|---|---|---|---|---|---|---|
| Libros del s. XIX | Biblioteca del Ateneo de Madrid | Biblioteca del Ateneo de Madrid | Depósito 2 | 17/01/2008 | F-7053 | 1170674 | 23/02/2023 | 23/02/2023 | Libro impreso antiguo |
